000 00530nam a2200193Ia 4500
008 131103s9999 xx 000 0 und d
040 _aLoreto College
041 _aEnglish
082 _a823.8/STE-STE
_bLCLIB(press)/41327
100 _aStern, G.B.
245 _aRobert Louis Stevenson
_cG.B.Stern
260 _aLondon
_bThe British council
_c1952
300 _a52p.
_c 22cm.
504 _aIncludes index
650 _aStevenson, Robert Louis
651 _aEnglish fiction
850 _aLCLIB/823.8/STE-STE
942 _cBK
999 _c24758
_d75237